00448nam a2200145Ia 4500003000900000008004100009020001800050040001600068080002300084100002400107245009800131260003700229300001400266650002200280IN-BaIIA211028s9999 xx 000 0 eng d a0-7923-3374-8 cIIA Library a52(082.1)bASS-199 aTandberg-Hanssen, E 4athe nature of solar prominencescHanssen, E Tandberg  aDordrechtbKluwer Academicc1995 axv, 308p. aSolar prominences